<?xml version="1.0" encoding="UTF-8"?>
<record
    xmlns:xsi="http://www.w3.org/2001/XMLSchema-instance"
    xsi:schemaLocation="http://www.loc.gov/MARC21/slim http://www.loc.gov/standards/marcxml/schema/MARC21slim.xsd"
    xmlns="http://www.loc.gov/MARC21/slim">

  <leader>01067nam a22002537a 4500</leader>
  <controlfield tag="005">20170124103106.0</controlfield>
  <datafield tag="010" ind1=" " ind2=" ">
    <subfield code="a">B-142998</subfield>
  </datafield>
  <datafield tag="020" ind1=" " ind2=" ">
    <subfield code="c">200.00</subfield>
  </datafield>
  <datafield tag="035" ind1=" " ind2=" ">
    <subfield code="a">B-142998</subfield>
  </datafield>
  <datafield tag="037" ind1=" " ind2=" ">
    <subfield code="b">Cen Lib/Ret</subfield>
  </datafield>
  <datafield tag="040" ind1=" " ind2=" ">
    <subfield code="a">DPL</subfield>
    <subfield code="b">HN</subfield>
  </datafield>
  <datafield tag="082" ind1=" " ind2=" ">
    <subfield code="a">&#x909; </subfield>
    <subfield code="b">&#x935;&#x93F;&#x91C;&#x92F; </subfield>
  </datafield>
  <datafield tag="100" ind1=" " ind2=" ">
    <subfield code="a">&#x935;&#x93F;&#x91C;&#x92F; , &#x926;&#x94D;&#x92F;&#x93E;&#x915;&#x943;&#x937;&#x923; &#x935;&#x93F;&#x91C;&#x92F;&#x935;&#x930;&#x94D;&#x917;&#x940;&#x92F; </subfield>
    <subfield code="9">78340</subfield>
  </datafield>
  <datafield tag="245" ind1=" " ind2=" ">
    <subfield code="a">&#x930;&#x92E;&#x924;&#x93E; &#x930;&#x93E;&#x92E;  /</subfield>
    <subfield code="c"> &#x926;&#x94D;&#x92F;&#x93E;&#x915;&#x943;&#x937;&#x923; &#x935;&#x93F;&#x91C;&#x92F;&#x935;&#x930;&#x94D;&#x917;&#x940;&#x92F; &#x935;&#x93F;&#x91C;&#x92F; </subfield>
  </datafield>
  <datafield tag="246" ind1=" " ind2=" ">
    <subfield code="a">Ramta Ram </subfield>
    <subfield code="b"> by Dyakrishan Vijayvargiya </subfield>
  </datafield>
  <datafield tag="260" ind1=" " ind2=" ">
    <subfield code="a">&#x915;&#x94B;&#x91F;&#x93E; </subfield>
    <subfield code="b">&#x935;&#x93F;&#x91C;&#x92F;  &#x92A;&#x94D;&#x930;&#x915;&#x93E;&#x936;&#x928; </subfield>
    <subfield code="c">2004</subfield>
  </datafield>
  <datafield tag="270" ind1=" " ind2=" ">
    <subfield code="a">&#x935;&#x93F;&#x91C;&#x92F; &#x92D;&#x935;&#x928; &#x938;&#x93F;&#x935;&#x93F;&#x932; &#x932;&#x93E;&#x907;&#x928; </subfield>
    <subfield code="b">&#x915;&#x94B;&#x91F;&#x93E; </subfield>
    <subfield code="e">324001</subfield>
  </datafield>
  <datafield tag="300" ind1=" " ind2=" ">
    <subfield code="a">194&#x92A;&#x943;&#x937;&#x94D;&#x920;. </subfield>
    <subfield code="c">21&#x938;&#x947;&#x92E;&#x940;(&#x938;&#x91C;&#x93F;&#x932;&#x94D;&#x926;)</subfield>
  </datafield>
  <datafield tag="650" ind1=" " ind2=" ">
    <subfield code="a">&#x939;&#x93F;&#x902;&#x926;&#x940; &#x938;&#x93E;&#x939;&#x93F;&#x924;&#x94D;&#x92F; </subfield>
    <subfield code="9">78341</subfield>
  </datafield>
  <datafield tag="650" ind1=" " ind2=" ">
    <subfield code="a">&#x935;&#x948;&#x937;&#x94D;&#x923;&#x935; &#x92A;&#x930;&#x92E;&#x94D;&#x92A;&#x930;&#x93E; - &#x939;&#x93F;&#x902;&#x926;&#x940; &#x909;&#x92A;&#x928;&#x94D;&#x92F;&#x93E;&#x938; </subfield>
    <subfield code="9">53766</subfield>
  </datafield>
  <datafield tag="650" ind1=" " ind2=" ">
    <subfield code="a">hindi Literature</subfield>
    <subfield code="9">78342</subfield>
  </datafield>
  <datafield tag="650" ind1=" " ind2=" ">
    <subfield code="a">Vaishnava tradition - Hindi novel</subfield>
    <subfield code="9">78343</subfield>
  </datafield>
  <datafield tag="942" ind1=" " ind2=" ">
    <subfield code="2">ddc</subfield>
    <subfield code="c">HN</subfield>
    <subfield code="h">&#x909; </subfield>
    <subfield code="m">&#x935;&#x93F;&#x91C;&#x92F;  </subfield>
  </datafield>
  <datafield tag="999" ind1=" " ind2=" ">
    <subfield code="c">118104</subfield>
    <subfield code="d">118104</subfield>
  </datafield>
  <datafield tag="952" ind1=" " ind2=" ">
    <subfield code="0">0</subfield>
    <subfield code="1">0</subfield>
    <subfield code="4">0</subfield>
    <subfield code="7">0</subfield>
    <subfield code="a">L</subfield>
    <subfield code="b">L</subfield>
    <subfield code="d">2015-09-10</subfield>
    <subfield code="e">Cen Lib /Ret</subfield>
    <subfield code="g">200.00</subfield>
    <subfield code="l">0</subfield>
    <subfield code="o">&#x909;  &#x935;&#x93F;&#x91C;&#x92F;</subfield>
    <subfield code="p">B-142998</subfield>
    <subfield code="r">2015-09-10 00:00:00</subfield>
    <subfield code="t">1</subfield>
    <subfield code="v">200.00</subfield>
    <subfield code="w">2015-09-10</subfield>
    <subfield code="y">HN</subfield>
  </datafield>
</record>
